|
|
|
|
| LEADER |
00000nam0a2200000 4500 |
| 001 |
28907 |
| 005 |
20231030203033.0 |
| 010 |
|
|
|a 5286008305
|
| 035 |
|
|
|a (RuTPU)RU\TPU\book\29165
|
| 035 |
|
|
|a BOOK00029240
|
| 090 |
|
|
|a 28907
|
| 100 |
|
|
|a 20011209d1992 m y0rusy50 ca
|
| 101 |
0 |
|
|a rus
|
| 102 |
|
|
|a RU
|
| 105 |
|
|
|a a j 000zy
|
| 200 |
1 |
|
|a Сборник задач и упражнений по гидрологическим расчетам
|e учебное пособие для вузов
|f А. М. Владимиров, В. С. Дружинин
|
| 210 |
|
|
|a СПб.
|c Гидрометеоиздат
|d 1992
|
| 215 |
|
|
|a 208 с.
|c ил.
|
| 320 |
|
|
|a Библиогр.: с. 205-206.
|
| 610 |
1 |
|
|a гидрология
|
| 610 |
1 |
|
|a гидрологические расчеты
|
| 610 |
1 |
|
|a годовой сток
|
| 610 |
1 |
|
|a расходы воды
|
| 610 |
1 |
|
|a распределение стока
|
| 610 |
1 |
|
|a уровень воды рек
|
| 610 |
1 |
|
|a учебные пособия
|
| 610 |
1 |
|
|a задачи
|
| 610 |
1 |
|
|a решения
|
| 675 |
|
|
|a 556.048(076)
|v 3
|
| 700 |
|
1 |
|a Владимиров
|b А. М.
|g Анатолий Михайлович
|
| 701 |
|
1 |
|a Дружинин
|b В. С.
|g Владислав Сергеевич
|
| 801 |
|
0 |
|a RU
|b 63413507
|c 20011209
|g PSBO
|
| 801 |
|
2 |
|a RU
|b 63413507
|c 20091013
|g PSBO
|
| 900 |
|
|
|a Основы гидравлики, гидрологии и гидрометрии
|
| 942 |
|
|
|c BK
|